00743nam a2200241Ia 45000010006000000050017000060070003000230080041000260200007000670400025000740410008000990820020001071000021001272450081001482500013002292600033002423000028002756530019003036530016003229420012003389520134003509990017004844428920240114003623.0ta090226s1874 a g b000 u 903 u cHB aCotton College,Assam a903 a821.47bM 642 P aMassion, David . 0aThe Poetical Works of John Milton Vol 2 /cDavid Massion.hTextual Documents a1st ed / aLondon :bMacmillan ,c1874. a374p. :bill. ;c20cm . aEnglish-Poetry aT/G-English 2ddccBK 001040708Circulation (T/G)aSKBLbSKBLd2012-02-01f00000l0o821.47 M 642 Pp3077/Newr2024-01-14 00:00:00t1w2012-02-01yBK c44255d44255